| 000 | 02911nam0a2200409 4500 | ||
|---|---|---|---|
| 001 | RU\NLR\BIBL_A\022007370 | ||
| 005 | 20250625083542.0 | ||
| 010 |
_a978-5-8423-0263-5 _927 |
||
| 021 |
_aRU _b2023-44217 _9КН-П-4421 |
||
| 035 | _a(RuMoRGB)011922868 | ||
| 035 | _a(NLR Aleph) 022007370 | ||
| 090 |
_a12473149 _c12473149 |
||
| 100 | _a20230818d2023 |||y0rusy50 ca | ||
| 101 | 0 | _arus | |
| 102 | _aRU | ||
| 105 | _aa j 000zy | ||
| 181 | 0 |
_ai3 _baxxe |
|
| 182 | 0 | _an | |
| 200 | 1 |
_aНеотложные состояния в клинике внутренних болезней _eучебное пособие обучающихся по специальности Лечебное дело _fН. Н. Никулина, д. м. н., проф., В. С. Петров, д. м. н., проф., С. В. Селезнев, к. м. н., доц. [и др.] _gпод редакцией профессора С. С. Якушина _gФедеральное государственное бюджетное образовательное учреждение высшего образования "Рязанский государственный медицинский университет имени И. П. Павлова" Министерства здравоохранения Российской Федерации, Кафедра госпитальной терапии с курсом медико-социальной экспертизы |
|
| 203 |
_aТекст _bвизуальный _cнепосредственный |
||
| 210 |
_aРязань _cФГБОУ ВО РязГМУ Минздрава России _d2023 |
||
| 215 |
_a245 с. _cил., цв. ил., табл. _d21 |
||
| 300 | _aАвт. указаны на обороте тит. с. | ||
| 320 | _aБиблиогр.: с. 243-245 | ||
| 606 | 1 |
_aВнутренние болезни _jУчебные издания для высших учебных заведений _xНеотложные состояния _92193422 _3RU\NLR\AUTH\661318403 |
|
| 675 |
_a616-083.98(075.8) _v4 |
||
| 686 | 1 | _aР41-5,3я73 | |
| 701 | 1 |
_aНикулина _bН. Н. _gНаталья Николаевна |
|
| 701 | 1 |
_aПетров _bВ. С. _cд-р мед. наук, внутр. болезни _gВадим Сергеевич _9228648 _3RU\NLR\AUTH\770228704 |
|
| 701 | 1 |
_aСелезнев _bС. В. _gСергей Владимирович |
|
| 702 | 1 |
_aЯкушин _bС. С. _f1953- _gСергей Степанович _4340 |
|
| 712 | 0 | 2 |
_4570 _aРязанский государственный медицинский университет им. И. П. Павлова _bКафедра госпитальной терапии с курсом медико-социальной экспертизы _9849499 _3RU\NLR\AUTH\880591999 |
| 942 | _cBOOK | ||
| 980 | _aNB | ||